The Court of Appeal Civil Appeal No. 03 of 1998 Beatrice Kobusinge Nyakana and another Vs George Talyeba Nyakana. (Record no. 3232)

MARC details
000 -LEADER
fixed length control field 00925nam a22001457a 4500
008 - FIXED-LENGTH DATA ELEMENTS--GENERAL INFORMATION
fixed length control field 110617t xxu||||| |||| 00| 0 eng d
010 ## - LIBRARY OF CONGRESS CONTROL NUMBER
LC control number CACAF54
245 ## - TITLE STATEMENT
Title The Court of Appeal Civil Appeal No. 03 of 1998 Beatrice Kobusinge Nyakana and another Vs George Talyeba Nyakana.
260 ## - PUBLICATION, DISTRIBUTION, ETC. (IMPRINT)
Date of publication, distribution, etc 1998
500 ## - GENERAL NOTE
General note Coram: Hon. Mr. Justice G.M. Okello , JA.<br/> Hon. Mr. Justice S.G. Engwau, JA. and<br/> Hon. Mr. Justice A. Twinomujuni, JA.
500 ## - GENERAL NOTE
General note Appeal from a Ruling and order of the High Court Uganda at Fort Portal ( Tabaro J) dated the 27th day of October 1997 in HCCS No. DR. MFP. 6 and 7 of 1993.
Holdings
Withdrawn status Lost status Source of classification or shelving scheme Damaged status Koha normalized classification for sorting Not for loan Location (home branch) Sublocation or collection (holding branch) Shelving location Date acquired Koha issues (times borrowed) Koha full call number Piece designation (barcode) Koha date last seen Price effective from Koha item type
    Dewey Decimal Classification   CACAF_54   Law Development Centre Main Library Law Development Centre Main Library Law Reports 06/17/2011   CACAF54 03/1998/1 06/17/2011 06/17/2011 Un Reported Cases
    Dewey Decimal Classification   CACAF_54   Law Development Centre Main Library Law Development Centre Main Library Law Reports 06/17/2011   CACAF54 03/1998/2 06/17/2011 06/17/2011 Un Reported Cases
    Dewey Decimal Classification   CACAF_54   Law Development Centre Main Library Law Development Centre Main Library Law Reports 06/17/2011   CACAF54 03/1998/3 06/17/2011 06/17/2011 Un Reported Cases